000 01140nam a22002775a 4500
005 20090820154820.0
008 090328s2009 ii bf 000 0 eng
010 _aENG-94772
020 _a8180641562
_c550.00
035 _aEN-78305
037 _bDBAD / PUB
040 _adpl
_bEnglish
082 _a328.33450954
100 _aCakrabartī, Biśvanātha
245 _aDelimitation Commission :
_bworking and impact /
_cby Biswanath Chakrabarty [and] Debashis Sen
260 _aKolkata
_bProgressive Publishers
_c2009
270 _a37A, College Street,
_bKolkata
_e700073
300 _a286 p., [23] leaves of plates :
_bcol. maps (1 folded map) ;
_c24cm(Hb)
610 _aIndia.
_bDelimitation Commission
610 _aIndia.
_bParliament.
_bLok Sabha
_xElection districts
650 _aElection districts
_zIndia
700 _aSen. Debashis
710 _aIndia.
_bDelimitation Commission.
942 _2ddc
_cEN
_mCHA
_h328.33450954
999 _c29345
_d29345